Регионална библиотека "Любен Каравелов" - Русе

И. Лойола (Запис номер 127438)

MARC детайли
000 -Лидер
Контролно поле с фиксирана дължина nam a22 a 4500
003 - Код на организацията, давaща контролен номер
Контролно поле BLK
005 - Дата и час на последна редакция
Контролно поле 20201013150301.0
008 - Елементи от данни с фиксирана дължина
fixed length control field 180409b bul|||||r ||||||| ||bul||
010 ## - Наследен системен номер
LC control number KNG00133140000
040 ## - Източник на каталожния запис
Идентификатор на билиотеката - собственик на записа BLK
041 ## - Код за език
Код за езика на текст/звукозапис или на отделно заглавие Български
Код за езика КДБФ Български
072 #7 - Код за тематичната категория
Код организация bullib
Код за тематична категория Ц
Текст Редки и ценни
080 ## - УДК
Текстов определител УДК Християнски монашески ордени. Манастири. Монаси. Отшелници
УДК код - определител по УДК 27-788
УДК определител (460)(092)
УДК - код + определител 27-788(460)(092)
080 ## - УДК
Текстов определител УДК История на Испания
УДК код - определител по УДК 946.0
УДК определител (092)
УДК - код + определител 946.0(092)
080 ## - УДК
Текстов определител УДК Основател на йезуитския орден
УДК код - определител по УДК 929 Лойола, Иниго Оняс де
УДК - код + определител 929 Лойола, Иниго Оняс де
100 1# - Редна дума - Автор
Автор Биков, Александър Алексеевич
Авторска отговорност първи автор
R(LIN) 320687
139 ## - Редно поле
Редна дума Биков, Александър Алексеевич
Авторски знак Би - Б 44
245 10 - Сведения за заглавието
Заглавие И. Лойола
Подзаглавни данни Негова живот и общ. му деятелност : Биогр. очерк
Редно поле (дума) Александър Алексеевич Биков; прев. Захари Атанасов Бояджиев.
257 ## - Страна на издаване
Страна на създаване/издаване Русия
260 ## - Област на издателските данни
Име на издателя, разпространителя и проч. Изд. прев.
Година на издаване 1896
Печатница Търново : скоропеч. на Пано Иванов
Място на издаване, разпространение и проч. Търново
300 ## - Физическа характеристика
Страници 84 с.
Илюстрации и др. с 1 л. портр.
Размери/Мащаб 23 см
380 ## - Жанр
Жанр Религия. Теология
490 1# - СЕРИИ (Колекции)
Име на серия Журнал Научно списание
№: серия Г. 10, № 3, 4 и 5
490 ## - СЕРИИ (Колекции)
Име на серия Колекция Редки и ценни издания
9 (RLIN) 435080
600 14 - Име на лице, използвано като предмет
За него / За нея Лойола, Иниго Оняс де
9 (RLIN) 223602
650 #4 - Допълнително описание по предмет – тема
Основно описание – тема или топоним Лойола, Иниго Оняс де
9 (RLIN) 223602
650 #4 - Допълнително описание по предмет – тема
Основно описание – тема или топоним Испания - история
9 (RLIN) 273484
650 #4 - Допълнително описание по предмет – тема
Основно описание – тема или топоним Религии - Испания
9 (RLIN) 320689
650 #4 - Допълнително описание по предмет – тема
Основно описание – тема или топоним Инквизиция - история
9 (RLIN) 157246
651 #4 - Допълнително описание по предмет - топоним
Географско понятие Испания
9 (RLIN) 178962
653 ## - Ключова дума – ненормативна
Ключова дума Игнатий Лойола
653 ## - Ключова дума – ненормативна
Ключова дума инквизиция
653 ## - Ключова дума – ненормативна
Ключова дума биографии
653 ## - Ключова дума – ненормативна
Ключова дума история на религиите
659 ## - Тематичен бюлетин
Тематичен бюлетин Ц
700 1# - Други автори (авторска отговорност)
Лично име Бояджиев, Захари Атанасов
Автороска отговорност (Описва отношението между автора и произведението) прев.
9 (RLIN) 320688
852 ## - Местоположение
Форматна сигнатура Рб 896
Фондова буква Редки и ценни
856 4# - Електронен адрес и достъп
Електронен формат pdf - файл
856 4# - Електронен адрес и достъп
Електронен формат pdf - файл
999 ## - СИСТЕМНИ КОНТРОЛНИ НОМЕРА
Koha biblionumber 127438
Koha biblioitemnumber 127438
942 ## - АРТИКУЛИ
Вид на библиотечния материал Книги
Скрит в OPAC Не
Периодичен библиозапис Да
944 ## - СЪЗДАВАНЕ И РЕДАКЦИЯ на ЗАПИСА
Създаване/Редакция Създаване
Дата на регистрацията/редакция 24.08.2012
Статус, дата на статуса ф / 24.08.2012
Служител, извършил регистрацията/редакцията Людмила_Стоянова
944 ## - СЪЗДАВАНЕ И РЕДАКЦИЯ на ЗАПИСА
Създаване/Редакция Редакция
Дата на регистрацията/редакция 19.11.2013
Статус, дата на статуса ф / 24.08.2012
999 ## - СИСТЕМНИ КОНТРОЛНИ НОМЕРА
Koha biblioitemnumber 127438
Наличности
Код за отписване Код за изгубен артикул Източник на класификационната схема Код за повреда Коз за рестрикции Код за отдаване Артикулен № Име на библиотеката - собственик Име на библиотеката, в която се намира в момента Статус (Текущо местоположение) Дата на вписване в системата Местоположение - отдел Цена в лева Инвентарен номер Систематично азбучна сигнатура Баркод Номер на екземпляра Цена в евро Служебна бележка Служебен тип на артикула
  Не е изгубен Universal Decimal Classification Не е повреден само за читалня Специални фондове ( старопечатни, редки и ценни, фонд М. Арнаудов) 207298 Регионална библиотека "Любен Каравелов" Русе Регионална библиотека "Любен Каравелов" Русе Редки и ценни 1896-01-01 Редки и ценни 0.17 10979/58 Рб 896 900000036148 1 0.09 N: стар фонд Дата: 01.01.1896 Дата инв: 15.12.2016 Бележки инв: Рц2016 Книги
Vip Innovations Ltd, Rousse, Bulgaria 2025